|
|
|
|
| LEADER |
00000naa2a2200000 4500 |
| 001 |
625020 |
| 005 |
20231101133337.0 |
| 035 |
|
|
|a (RuTPU)RU\TPU\conf\24280
|
| 090 |
|
|
|a 625020
|
| 100 |
|
|
|a 20171205d2017 k y0rusy50 ca
|
| 101 |
0 |
|
|a rus
|
| 102 |
|
|
|a RU
|
| 105 |
|
|
|a y z 101zy
|
| 135 |
|
|
|a drgn ---uucaa
|
| 181 |
|
0 |
|a i
|
| 182 |
|
0 |
|a b
|
| 200 |
1 |
|
|a Разработка методов и средств обеспечения и прогнозирования надёжности элементной базы на основе наноразмерных A3B5 резонансно-туннельных гетероструктур для радиоэлектронных систем навигации и управления ракетно-космической техникой
|f М. О. Макеев, В. Ю. Синякин, С. А. Мешков
|g науч. рук. Ю. А. Иванов
|
| 203 |
|
|
|a Текст
|c электронный
|
| 225 |
1 |
|
|a Целевая аппаратура космических аппаратов, системные и проектно-конструкторские решения космических аппаратов различного назначения
|
| 230 |
|
|
|a 1 компьютерный файл (pdf; 187 Кб)
|
| 300 |
|
|
|a Заглавие с экрана
|
| 320 |
|
|
|a [Библиогр.: с. 118 (5 назв.)]
|
| 463 |
|
0 |
|0 (RuTPU)RU\TPU\conf\23829
|t "Орбита молодёжи" и перспективы развития российской космонавтики
|o сборник докладов Всероссийской молодёжной научно-практической конференции, г. Томск, 18-22 сентября 2017 г.
|f Российская Федерация, Федеральное космическое агентство (Роскосмос) ; Национальный исследовательский Томский политехнический университет (ТПУ) ; Российская академия наук (РАН), Сибирское отделение (СО), Институт физики прочности и материаловедения (ИФПМ) ; Полюс
|v [С. 117-118]
|d 2017
|
| 610 |
1 |
|
|a электронный ресурс
|
| 610 |
1 |
|
|a методы
|
| 610 |
1 |
|
|a средства
|
| 610 |
1 |
|
|a обеспечение
|
| 610 |
1 |
|
|a прогнозирование
|
| 610 |
1 |
|
|a надежность
|
| 610 |
1 |
|
|a элементная база
|
| 610 |
1 |
|
|a наноразмерные гетероструктуры
|
| 610 |
1 |
|
|a резонансно-туннельные гетероструктуры
|
| 610 |
1 |
|
|a радиоэлектронные системы
|
| 610 |
1 |
|
|a навигация
|
| 610 |
1 |
|
|a управление
|
| 610 |
1 |
|
|a ракетно-космическая техника
|
| 700 |
|
1 |
|a Макеев
|b М. О.
|
| 701 |
|
1 |
|a Синякин
|b В. Ю.
|
| 701 |
|
1 |
|a Мешков
|b С. А.
|
| 702 |
|
1 |
|a Иванов
|b Ю. А.
|4 727
|
| 801 |
|
2 |
|a RU
|b 63413507
|c 20171208
|g RCR
|
| 856 |
4 |
|
|u http://earchive.tpu.ru/handle/11683/44794
|
| 942 |
|
|
|c BK
|